000 00446nab a2200181 a 4500
001 21781
003 64693
005 20201118100127.0
008 ||||||n9999 ||| || ||
245 0 _aDecreto 2402 de 1991. Octubre 22
300 _app. 9-24
562 _e0
650 _aADMINISTRACION ADUANERA
650 _aDECRETOS LEGISLATIVOS
650 _aDERECHO ADUANERO
773 _021778
_aCodex - Vol.3 No.13,14,15
942 _cSART
999 _c21781
_d21781